10 Busiest airports in Greece - Statistics

General Stats
  • This quiz has been taken 48 times
  • The average score is 8 of 10
Answer Stats
Passengers
Answer % Correct
32m Athens
100%
7m Thessaloniki
100%
9m Heraklion
97%
7m Rhodes
94%
4m Corfu
88%
4m Chania
82%
2m Mykonos
79%
3m Santorini
79%
3m Kos
64%
2m Zakynthos
64%
No matching quizzes found
Score Distribution
Percent of People with Each Score
Percentile by Number Answered
Your Score History
You have not taken this quiz